Hướng dẫn hoạt động dự phòng, phát hiện sớm, chẩn đoán, điều trị và quản lý một số bệnh không lây nhiễm phổ biến cho tuyến y tế cơ sở
Tallennettuna:
| Muut tekijät: | |
|---|---|
| Kieli: | Undetermined |
| Julkaistu: |
Hà Nội
Hồng Đức
2018
|
| Aiheet: | |
| Tagit: |
Lisää tagi
Ei tageja, Lisää ensimmäinen tagi!
|
| Thư viện lưu trữ: | Trung tâm Học liệu Trường Đại học Trà Vinh |
|---|
| LEADER | 00740nam a2200229Ia 4500 | ||
|---|---|---|---|
| 001 | TVU_30181 | ||
| 008 | 210423s9999 xx 000 0 und d | ||
| 020 | |a 9786048947699 | ||
| 041 | |a Vie | ||
| 082 | |a 616.4624 | ||
| 082 | |b H561 | ||
| 245 | 0 | |a Hướng dẫn hoạt động dự phòng, phát hiện sớm, chẩn đoán, điều trị và quản lý một số bệnh không lây nhiễm phổ biến cho tuyến y tế cơ sở | |
| 245 | 0 | |c Quý Lâm (hệ thống) | |
| 260 | |a Hà Nội | ||
| 260 | |b Hồng Đức | ||
| 260 | |c 2018 | ||
| 300 | |a 399 tr. | ||
| 300 | |c 27 cm | ||
| 650 | |a Chăm sóc sức khỏe; Bệnh | ||
| 700 | |a Quý Lâm | ||
| 700 | |e hệ thống | ||
| 980 | |a Trung tâm Học liệu Trường Đại học Trà Vinh | ||


